| 000 | 01307nam a2200169Ia 4500 | ||
|---|---|---|---|
| 005 | 20250723104353.0 | ||
| 008 | 250723s9999 xx 000 0 und d | ||
| 020 | _a9780521451772 | ||
| 082 |
_a947.07 _bTAR |
||
| 100 | _aTaranovski, Theodore | ||
| 245 | 0 | _aReform in Modern Russian History | |
| 260 |
_bCambridge University Press _c1995 |
||
| 300 | _a460 pages | ||
| 500 | _aThis volume provides a comparative study of the problems and prospects of reform in modern Russian history. Drawn from contributions to a May 1990 conference sponsored by the Kennan Institute for Advanced Russian Studies, the book raises important methodological and historiographic questions regarding the content, scope, and significance of various reform efforts, ranging from the Great Reforms of tsar Alexander II to attempts to salvage the Soviet system undertaken by Khrushchev and Gorbachev. One of the key issues raised is whether various attempts to modernise the political and social system were a series of cyclical failures or demonstrate a pattern of progressive development.Reform in Modern Russian History favours the second mode of interpretation and provides an excellent background for all who want to understand the Gorbachev era and contemporary Russian politics. | ||
| 650 | _aHistory | ||
| 942 | _cENGLISH | ||
| 999 |
_c576939 _d576939 |
||